| 000 | 00555nam a22001937a 4500 | ||
|---|---|---|---|
| 003 | OSt | ||
| 005 | 20160427152456.0 | ||
| 008 | 160427b xxu||||| |||| 00| 0 eng d | ||
| 020 | _a0521792819 | ||
| 040 | _cDDC. | ||
| 082 | _a599.884GOR 2003. | ||
| 100 |
_aEdited by Andrea B.Taylor;Goldsmith,L.Michele; _98370 |
||
| 245 |
_aGorilla Biology. _bA Multidisciplinary Perspective. |
||
| 260 |
_aUK. _bCambridge University Press. _c2003. |
||
| 300 |
_axviii,508p; _bill: _c25cm. |
||
| 504 | _aincludes index. | ||
| 650 |
_aBiology. _95602 |
||
| 942 |
_2ddc _cSLOAN |
||
| 999 |
_c3808 _d3808 |
||